| 000 | 00775nam a2200253 a 4500 | ||
|---|---|---|---|
| 005 | 20260206064034.0 | ||
| 008 | 150430s2011 mx r 000 0 spa d | ||
| 020 | _a9788483226421 (Pearson Educación) | ||
| 020 | _a9788436259490 (UNED) | ||
| 035 | _aUPN01000203175 | ||
| 049 | _aCG | ||
| 050 | 4 |
_aGN315 _bM5.2 2011 |
|
| 100 | 1 |
_aMiller, Barbara _937300 |
|
| 245 | 1 | 0 |
_aAntropología cultural / _cBarbara Miller; tr. Alfredo Francesch Díaz. |
| 250 | _a5a ed. | ||
| 260 |
_aMadrid : _bPearson Educación : _bUNED, _c2011. |
||
| 300 |
_axxvi, 537 p. : _bil. col., mapas |
||
| 650 | 2 |
_aEtnología _94794 |
|
| 650 | 4 |
_aCultura _97095 |
|
| 650 | 7 |
_aClases sociales _2 _96922 |
|
| 650 | 4 |
_aAntropología _xEstudio y enseñanza _94767 |
|
| 905 | _aLibro | ||
| 999 |
_c175276 _d175276 |
||